[Event "Omsk Half op"]
[Site "Omsk"]
[Date "2014.12.10"]
[Round "4"]
[White "Chagasov, Oleg"]
[Black "Glushakov, Andrey"]
[Result "0-1"]
[WhiteElo "1839"]
[BlackElo "1915"]
[PlyCount "37"]
[EventDate "2014.12.03"]
[EventType "swiss"]
[EventRounds "9"]
[EventCountry "RUS"]
[SourceTitle "EXT 2023"]
[Source "ChessBase"]
[SourceDate "2022.10.05"]
[SourceVersion "1"]
[SourceVersionDate "2022.10.05"]
[SourceQuality "1"]

1. e4 c5 2. Nf3 d6 3. b4 Nf6 4. bxc5 Nxe4 5. cxd6 Nxd6 6. Nc3 g6 7. d4 Bg7 8. Be2 0-0 9. 0-0 Nc6 10. Rb1 b6 11. Bf4 Bb7 12. Qd2 e6 13. Bh6 Nf5 14. Bxg7 Kxg7 15. d5 Na5 16. g4 Nd6 17. Rb4 Qc7 18. Qd4+ Kg8 19. Ne4 0-1

[Event "Omsk op 02"]
[Site "Omsk"]
[Date "2014.02.12"]
[Round "7"]
[White "Chagasov, Oleg"]
[Black "Vasiljev, Artem"]
[Result "0-1"]
[WhiteElo "1847"]
[BlackElo "1762"]
[PlyCount "41"]
[EventDate "2014.02.03"]
[EventType "swiss"]
[EventRounds "9"]
[EventCountry "RUS"]
[SourceTitle "EXT 2016"]
[Source "ChessBase"]
[SourceDate "2015.10.08"]
[SourceVersion "1"]
[SourceVersionDate "2015.10.08"]
[SourceQuality "1"]

1. c4 c6 2. d4 d5 3. c5 Bf5 4. Nc3 Nd7 5. Nf3 g6 6. g3 Bg7 7. Bg2 Ngf6 8. 0-0 0-0 9. Nd2 b6 10. cxb6 axb6 11. e4 Nxe4 12. Ndxe4 dxe4 13. Nxe4 Qc7 14. a3 Rfe8 15. Be3 c5 16. Qc2 Rac8 17. dxc5 Nxc5 18. Bxc5 Qxc5 19. Qe2 Qc2 20. Qxc2 Rxc2 21. Rad1 0-1

[Event "Omsk op"]
[Site "Omsk"]
[Date "2012.02.11"]
[Round "9"]
[White "Chagasov, Oleg"]
[Black "Dergatchov, Alexander"]
[Result "0-1"]
[WhiteElo "1882"]
[BlackElo "2033"]
[PlyCount "21"]
[EventDate "2012.01.29"]
[EventType "swiss"]
[EventRounds "9"]
[EventCountry "RUS"]
[SourceTitle "EXT 2022"]
[Source "ChessBase"]
[SourceDate "2021.10.06"]
[SourceVersion "1"]
[SourceVersionDate "2021.10.06"]
[SourceQuality "1"]

1. e4 g6 2. d4 Bg7 3. Nc3 c6 4. Nf3 d5 5. Be2 Bg4 6. Be3 e6 7. Qd2 Nd7 8. 0-0 h6 9. h3 Bxf3 10. Bxf3 Nb6 11. b3 0-1

[Event "Omsk Rating"]
[Site "Omsk"]
[Date "2011.12.11"]
[Round "6"]
[White "Silchenko, Stepan"]
[Black "Chagasov, Oleg"]
[Result "1-0"]
[WhiteElo "1644"]
[BlackElo "1911"]
[PlyCount "35"]
[EventDate "2011.12.02"]
[EventType "swiss"]
[EventRounds "9"]
[EventCountry "RUS"]
[SourceTitle "EXT 2022"]
[Source "ChessBase"]
[SourceDate "2021.10.06"]
[SourceVersion "1"]
[SourceVersionDate "2021.10.06"]
[SourceQuality "1"]

1. e4 Nf6 2. e5 Nd5 3. c4 Nb6 4. d4 d6 5. f4 dxe5 6. fxe5 Nc6 7. Be3 e6 8. Nc3 Bb4 9. Qg4 Kf8 10. Nf3 h5 11. Qf4 Na5 12. Ng5 Qe7 13. Bd3 Naxc4 14. 0-0 Ke8 15. Bf2 Bxc3 16. bxc3 f6 17. Bg6+ Kd8 18. Nf7+ 1-0

[Event "Omsk Rating"]
[Site "Omsk"]
[Date "2011.12.05"]
[Round "3"]
[White "Ratushny, Grigory"]
[Black "Chagasov, Oleg"]
[Result "0-1"]
[WhiteElo "1949"]
[BlackElo "1911"]
[PlyCount "74"]
[EventDate "2011.12.02"]
[EventType "swiss"]
[EventRounds "9"]
[EventCountry "RUS"]
[SourceTitle "EXT 2022"]
[Source "ChessBase"]
[SourceDate "2021.10.06"]
[SourceVersion "1"]
[SourceVersionDate "2021.10.06"]
[SourceQuality "1"]

1. d4 d5 2. c4 c6 3. Nc3 Nf6 4. e3 g6 5. Nf3 Bg7 6. Bd3 0-0 7. 0-0 Bf5 8. Qc2 e6 9. b3 Nbd7 10. h3 h5 11. Bb2 a6 12. e4 dxe4 13. Nxe4 Nxe4 14. Bxe4 Bxe4 15. Qxe4 Nf6 16. Qc2 Qc7 17. Rad1 Rad8 18. Rfe1 Qf4 19. Qd2 Qxd2 20. Rxd2 Bh6 21. Rdd1 Bg7 22. Ne5 Nd7 23. f4 Nxe5 24. dxe5 Bh6 25. Bc1 c5 26. g3 b6 27. Kf2 Rfe8 28. Ke2 Kf8 29. Be3 a5 30. a3 Ke7 31. b4 axb4 32. axb4 Rxd1 33. Rxd1 cxb4 34. Bxb6 Rc8 35. c5 h4 36. Kf3 hxg3 37. Kxg3 g5 0-1

[Event "Omsk Rating"]
[Site "Omsk"]
[Date "2011.12.04"]
[Round "2"]
[White "Chagasov, Oleg"]
[Black "Tipikin, Ivan"]
[Result "0-1"]
[WhiteElo "1911"]
[BlackElo "1772"]
[PlyCount "84"]
[EventDate "2011.12.02"]
[EventType "swiss"]
[EventRounds "9"]
[EventCountry "RUS"]
[SourceTitle "EXT 2022"]
[Source "ChessBase"]
[SourceDate "2021.10.06"]
[SourceVersion "1"]
[SourceVersionDate "2021.10.06"]
[SourceQuality "1"]

1. d4 d5 2. Nf3 Nf6 3. Bf4 e6 4. e3 Bd6 5. Nbd2 Bxf4 6. exf4 0-0 7. Bd3 Qd6 8. g3 c5 9. c3 b6 10. 0-0 Bb7 11. Re1 Nc6 12. a3 cxd4 13. cxd4 Rfc8 14. f5 exf5 15. Bxf5 Re8 16. Qa4 a6 17. Qb3 b5 18. a4 Na5 19. Qd3 Nc4 20. b3 Nxd2 21. Qxd2 Rxe1+ 22. Rxe1 bxa4 23. bxa4 g6 24. Bd3 Kg7 25. Ne5 Nd7 26. Qb2 Bc8 27. Qe2 Nf8 28. Rc1 f6 29. Rc6 Qe7 30. Ng4 Qxe2 31. Bxe2 Ne6 32. Bxa6 Rxa6 33. Rxc8 h5 34. Ne3 Rxa4 35. Nxd5 Rxd4 36. Ne3 Rd2 37. Rc2 Rd4 38. Rc4 Rd3 39. h4 f5 40. Kg2 Kf6 41. Kf3 Rd2 42. Rc2 Nd4+ 0-1

[Event "Omsk CC-ch sf"]
[Site "Omsk"]
[Date "2011.06.24"]
[Round "4"]
[White "Savostjanov, Igor"]
[Black "Chagasov, Oleg"]
[Result "1-0"]
[WhiteElo "2078"]
[BlackElo "1911"]
[PlyCount "51"]
[EventDate "2011.06.20"]
[EventType "swiss"]
[EventRounds "11"]
[EventCountry "RUS"]
[SourceTitle "EXT 2023"]
[Source "ChessBase"]
[SourceDate "2022.10.05"]
[SourceVersion "1"]
[SourceVersionDate "2022.10.05"]
[SourceQuality "1"]

1. d4 d5 2. Nc3 Nf6 3. Bg5 c6 4. f3 Qb6 5. Rb1 g6 6. Bxf6 exf6 7. e4 Be6 8. exd5 cxd5 9. Bb5+ Nc6 10. Nge2 Bh6 11. 0-0 0-0 12. f4 Rad8 13. Bxc6 bxc6 14. Na4 Qc7 15. Qd2 Rfe8 16. h3 Bf5 17. Nc5 Be4 18. Rbc1 f5 19. c3 Qe7 20. Kh2 Qh4 21. g3 Qh5 22. b4 Re7 23. Ng1 Rde8 24. a4 g5 25. fxg5 Bxg5 26. Qf2 1-0

[Event "Omsk-ch"]
[Site "Omsk"]
[Date "2010.02.28"]
[Round "6"]
[White "Feofanov, Alexander"]
[Black "Chagasov, Oleg"]
[Result "1-0"]
[WhiteElo "1790"]
[BlackElo "1937"]
[PlyCount "43"]
[EventDate "2010.02.20"]
[EventType "swiss"]
[EventRounds "11"]
[EventCountry "RUS"]
[SourceTitle "CBM 135 Extra"]
[Source "ChessBase"]
[SourceDate "2010.05.04"]
[SourceVersion "1"]
[SourceVersionDate "2010.05.04"]
[SourceQuality "1"]

1. b4 e5 2. Bb2 Bxb4 3. Bxe5 Nf6 4. c4 Nc6 5. Bb2 Qe7 6. e3 0-0 7. Nf3 d5 8. Qc2 h6 9. Be2 Be6 10. 0-0 Rfe8 11. a3 Ba5 12. d4 Rad8 13. Nbd2 Bg4 14. Nb3 Qe4 15. Bd3 Qe6 16. Nfd2 Bxd2 17. Nxd2 Qd7 18. Rfc1 g6 19. cxd5 Nxd5 20. Ne4 Qe7 21. Nc5 Bc8 22. e4 1-0

[Event "Omsk-ch op"]
[Site "Omsk"]
[Date "2009.02.14"]
[Round "2"]
[White "Skokov, Boris"]
[Black "Chagasov, Oleg"]
[Result "1/2-1/2"]
[WhiteElo "2103"]
[BlackElo "1949"]
[PlyCount "118"]
[EventDate "2009.02.12"]
[EventType "swiss"]
[EventRounds "11"]
[EventCountry "RUS"]
[SourceTitle "CBM 129 Extra"]
[Source "ChessBase"]
[SourceDate "2009.05.05"]
[SourceVersion "2"]
[SourceVersionDate "2009.05.20"]
[SourceQuality "1"]

1. e4 c5 2. Nf3 Nf6 3. e5 Nd5 4. d4 cxd4 5. Nxd4 Nc6 6. Nf3 e6 7. c4 Bb4+ 8. Bd2 Bxd2+ 9. Qxd2 Nde7 10. Nc3 0-0 11. 0-0-0 Ng6 12. Re1 Qa5 13. Qd6 f6 14. exf6 Rxf6 15. Kb1 b6 16. h4 Nb4 17. a3 Qf5+ 18. Ne4 Bb7 19. Nfd2 Na6 20. Bd3 Rff8 21. f3 Rad8 22. g4 Qe5 23. h5 Bxe4 24. Nxe4 Qxd6 25. Nxd6 Nf4 26. Be4 Nc5 27. Kc2 Ng2 28. Re2 Nf4 29. Rd2 Nxe4 30. fxe4 e5 31. b3 Ne6 32. Nf5 g6 33. hxg6 hxg6 34. Rg2 Nd4+ 35. Nxd4 exd4 36. Rd1 Rf3 37. Rxd4 Re3 38. a4 Kf7 39. Rgd2 Ke7 40. g5 Rg3 41. Rd5 Rg4 42. Re5+ Kf7 43. Rd6 Rg2+ 44. Kc3 Rg3+ 45. Kd4 Rf3 46. b4 Rf1 47. Ke3 Rc1 48. Rf6+ Kg7 49. Re7+ Kh8 50. Rxg6 Rxc4 51. Rh6+ Kg8 52. g6 Rc6 53. e5 Kf8 54. Reh7 Kg8 55. Rh8+ Kg7 56. Rxd8 Kxh6 57. Rxd7 Kxg6 58. Rxa7 Rc4 59. b5 Kf5 1/2-1/2